| 000 | 00818cam a22002174a 4500 | ||
|---|---|---|---|
| 020 | _a0743258398 (hc : alk. paper) | ||
| 082 | 0 | 0 | _a658/.0490951 |
| 100 | 1 |
_aMcGregor, James, _d1953- |
|
| 245 | 1 | 0 |
_aOne billion customers : _blessons from the front lines of doing business in China / _cJames McGregor. |
| 260 |
_aNew York : _bFree Press, _cc2005. |
||
| 300 |
_axix, 312 p. : _bmaps ; _c24 cm. |
||
| 440 | 2 | _951968 | |
| 504 | _aIncludes bibliographical references and index. | ||
| 650 | 0 |
_aBusiness enterprises, Foreign _951969 |
|
| 650 | 0 |
_aInvestments, Foreign _914053 |
|
| 942 |
_2ddc _cBK |
||
| 999 |
_c554468 _d554468 |
||